000
00249nam a2200097Ia 4500
008
190216s9999||||xx |||||||||||||| ||und||
100
_a
Sharma .v.s
245
0
_a
Malayalam-Thullal Sahithya Charithram
260
_b
Kerala Bhasha Institute
942
_c
BK
999
_c
25439
_d
25439